000
00310nam a2200133Ia 4500
005
20251222155131.0
008
251222s9999||||xx |||||||||||||| ||spa||
082
_a
SIQ.12
100
_a
MORGAN A.J.
245
0
_a
La Práctica de EnfermerÃa Salud M.
250
_a
2da. ed.
264
_b
OPS/OMS
942
_c
LIB
999
_c
38825
_d
38825